| 000 | 01647nam a22003974a 4500 | ||
|---|---|---|---|
| 001 | ebr10171657 | ||
| 003 | CaPaEBR | ||
| 006 | m u | ||
| 007 | cr cn||||||||| | ||
| 008 | 050114s2005 ne a sb 001 0 eng | ||
| 010 | _z 2005042006 | ||
| 020 | _z9004137580 (alk. paper) | ||
| 040 |
_aCaPaEBR _cCaPaEBR |
||
| 035 | _a(OCoLC)191952635 | ||
| 041 | 1 |
_aeng _hgrc |
|
| 050 | 1 | 4 |
_aR126.H7 _bP613 2005eb |
| 082 | 0 | 4 |
_a610/.938 _222 |
| 100 | 0 | _aHippocrates. | |
| 240 | 1 | 0 |
_aDe prisca medicina. _lEnglish & Greek |
| 245 | 1 | 0 |
_aOn ancient medicine _h[electronic resource] / _cHippocrates ; translated with introduction and commentary by Mark J. Schiefsky. |
| 246 | 3 | _aHippocrates on ancient medicine | |
| 260 |
_aLeiden ; _aBoston : _bBrill, _c2005. |
||
| 300 |
_a415 p. : _bill. |
||
| 490 | 1 |
_aStudies in ancient medicine, _x0925-1421 ; _vv. 28 |
|
| 504 | _aIncludes bibliographical references (p. [375]-382 and indexes. | ||
| 533 |
_aElectronic reproduction. _bPalo Alto, Calif. : _cebrary, _d2013. _nAvailable via World Wide Web. _nAccess may be limited to ebrary affiliated libraries. |
||
| 546 | _aGreek text and English translation on facing pages; introduction and commentary in English. | ||
| 600 | 0 | 0 |
_aHippocrates. _tDe prisca medicina. |
| 650 | 0 | _aMedicine, Greek and Roman. | |
| 650 | 0 |
_aMedicine _vEarly works to 1800. |
|
| 655 | 7 |
_aElectronic books. _2local |
|
| 700 | 1 | _aSchiefsky, Mark John. | |
| 710 | 2 | _aebrary, Inc. | |
| 830 | 0 |
_aStudies in ancient medicine ; _vv. 28. |
|
| 856 | 4 | 0 |
_uhttp://site.ebrary.com/lib/rucke/Doc?id=10171657 _zAn electronic book accessible through the World Wide Web; click to view |
| 999 |
_c249246 _d249246 |
||